Капитальный ремонт - вторая жизнь скважин; Нефтяное хозяйство; № 11

Bibliografiset tiedot
Parent link:Нефтяное хозяйство: научно-технический производственный журнал.— , 1925-1940, 1946-.— 0028-2448
№ 11.— 2003.— С. 65-67
Muut tekijät: Лысенков Е. А., Климовец В. Н., Ефремов О. В., Сухомлинов А. П.
Kieli:venäjä
Julkaistu: 2003
Sarja:Техника и технология добычи нефти
Aiheet:
Aineistotyyppi: Kirjan osa
KOHA link:https://koha.lib.tpu.ru/cgi-bin/koha/opac-detail.pl?biblionumber=389399

MARC

LEADER 00000naa2a2200000 4500
001 389399
005 20231101063847.0
035 |a (RuTPU)RU\TPU\prd\21578 
090 |a 389399 
100 |a 20040122a2003 k y0rusy50 ca 
101 0 |a rus 
102 |a RU 
200 1 |a Капитальный ремонт - вторая жизнь скважин  |f Е. А. Лысенков, В. Н. Климовец, О. В. Ефремов, А. П. Сухомлинов 
225 1 |a Техника и технология добычи нефти 
461 1 |0 (RuTPU)RU\TPU\prd\1638  |x 0028-2448  |t Нефтяное хозяйство  |o научно-технический производственный журнал  |d 1925-1940, 1946- 
463 1 |0 (RuTPU)RU\TPU\prd\20865  |t № 11  |v С. 65-67  |d 2003 
610 1 |a нефть 
610 1 |a скважины 
610 1 |a капитальный ремонт 
610 1 |a добыча 
610 1 |a нефтяные месторождения 
610 1 |a продуктивность 
610 1 |a повышение 
675 |a 622.276.7  |v 3 
701 1 |a Лысенков  |b Е. А. 
701 1 |a Климовец  |b В. Н. 
701 1 |a Ефремов  |b О. В. 
701 1 |a Сухомлинов  |b А. П. 
801 1 |a RU  |b 63413507  |c 20040122  |g PSBO 
801 2 |a RU  |b 63413507  |c 20131028  |g RCR 
942 |c BK